000 00533nam a2200169Ia 4500
008 090711s9999 xx 000 0 und d
082 _b79576
100 _aसावंत शिवाजी
245 _aमgत्यूंजय
260 _bकॉन्टीनेन्टल प्रकाशन
_c1996
300 _a601
600 _aसावंत शिवाजी
630 _aमgत्यूंजय
700 _aसावंत शिवाजी
730 _aमgत्यूंजय
942 _cBOOK
999 _c314714
_d314714